Normal view
MARC view
- Research
Entry Topical Term
001 - CONTROL NUMBER
- control field: 4396
003 - CONTROL NUMBER IDENTIFIER
- control field: NUST
005 - DATE AND TIME OF LATEST TRANSACTION
- control field: 20170829111109.0
008 - FIXED-LENGTH DATA ELEMENTS
- fixed length control field: 170829|| aca||aabn | a|a d
040 ## - CATALOGING SOURCE
- Original cataloging agency: NUST
- Transcribing agency: NUST
150 ## - HEADING--TOPICAL TERM
- Topical term or geographic name entry element: Research
- General subdivision: Moral and ethical aspects
- General subdivision: Study and teaching.
670 ## - SOURCE DATA FOUND
- Source citation: Work cat.: (NUST)0: Danchev, Dee, author. 4395, Research Ethics for Counsellors, Nurses and Social Workers /
